Statistics for Economies with highest Openness to market index

Click here to take the quiz!

General Stats

  • This quiz has been taken 48 times
  • The average score is 17 of 20

Answer Stats

RankHintAnswer% Correct
3EuropeLuxembourg
95%
19North AmericaCanada
95%
2AsiaSingapore
95%
12EuropeSweden
95%
13EuropeNorway
95%
6EuropeNetherlands
93%
8EuropeIreland
93%
15EuropeDenmark
93%
16EuropeAustria
93%
11EuropeSwitzerland
91%
17EuropeFinland
88%
4EuropeBelgium
88%
10EuropeIceland
81%
9EuropeEstonia
72%
14EuropeSlovakia
72%
18EuropeSlovenia
67%
20EuropeHungary
67%
#1AsiaHong Kong
63%
7AsiaUnited Arab Emirates
60%
5EuropeMalta
51%

Score Distribution

Percentile by Number Answered

Percent of People with Each Score

Your Score History

You have not taken this quiz